| 000 | 00000nam 22000008a 4500 |
| 001 | 9.851072 |
| 003 | CaOODSP |
| 005 | 20221107154316 |
| 007 | cr ||||||||||| |
| 008 | 180202s2018 onc o f000 0 eng d |
| 020 | |a978-0-660-24792-2 |
| 040 | |aCaOODSP|beng |
| 043 | |an-cn--- |
| 086 | 1 |aH14-243/4-2018E-PDF |
| 086 | 1 |zH14-243/1-2018E-PDF |
| 245 | 00|aDid you know that Canada has a good samaritan drug overdose law? |h[electronic resource]. |
| 260 | |a[Ottawa] : |bHealth Canada, |c2018. |
| 300 | |a[2] p. |
| 500 | |aIssued also in French under title: Saviez-vous que le Canada a une loi sur les bons samaritains secourant les victimes de surdose? |
| 500 | |aCaption title. |
| 520 | |a"On May 4, 2017, the Parliament of Canada passed the Good Samaritan Drug Overdose Act, which added a new section to the Controlled Drugs and Substances Act with respect to exemptions from simple possession (s.4.1)". |
| 692 | 07|2gccst|aDrug use |
| 692 | 07|2gccst|aLegislation |
| 710 | 1 |aCanada. |bHealth Canada. |
| 775 | 08|tSaviez-vous que le Canada a une loi sur les bons samaritains secourant les victimes de surdose? |w(CaOODSP)9.851073 |
| 856 | 40|qPDF|s120 KB|uhttps://publications.gc.ca/collections/collection_2018/sc-hc/H14-243-4-2018-eng.pdf |
| 986 | |aPub.: 170421 |